[Event "EU-ch Cities&Town op"]
[Site "Tornelo INT"]
[Date "2023.01.29"]
[Round "?"]
[White "Sezgun, Yakup"]
[Black "Lioumis, Petros"]
[Result "0-1"]
[WhiteElo "1739"]
[BlackElo "1290"]
[PlyCount "98"]
[EventDate "2023.01.29"]
[EventType "team-swiss"]
[EventRounds "9"]
[EventCountry "NET"]
[SourceTitle "CBM 212 Extra"]
[Source "ChessBase"]
[SourceDate "2023.03.31"]
[SourceVersion "1"]
[SourceVersionDate "2023.03.31"]
[SourceQuality "1"]
[WhiteTeam "Istanbul Seniors"]
[BlackTeam "Trikala"]
[WhiteTeamCountry "TUR"]
[BlackTeamCountry "GRE"]

1. Nf3 d6 2. d4 Nf6 3. c4 g6 4. g3 Bg7 5. Bg2 c6 6. 0-0 0-0 7. Nc3 Bg4 8. h3 Bxf3 9. Bxf3 Nbd7 10. e4 c5 11. Be3 a6 12. Qd2 Qc7 13. b3 Rad8 14. Rad1 cxd4 15. Bxd4 Ne5 16. Bg2 Nc6 17. Be3 e6 18. Na4 Qe7 19. Bb6 Rd7 20. Nc3 Ne8 21. Rfe1 Bxc3 22. Qxc3 e5 23. Re2 Ng7 24. Red2 Ne6 25. c5 Ncd4 26. cxd6 Qxd6 27. Ba5 Qc6 28. Qxc6 bxc6 29. f3 Rc8 30. Kf2 c5 31. Bf1 Ng5 32. Bb6 Ngxf3 33. Rd3 Ng5 34. Rc3 Nxe4+ 35. Ke3 Nxc3 36. Rc1 Nd5+ 37. Ke4 Nxb6 38. Bxa6 Rcc7 39. Kxe5 g5 40. Bd3 Re7+ 41. Kd6 Nc8+ 42. Kd5 Red7+ 43. Kc4 Nb6+ 44. Kc3 Nd5+ 45. Kb2 Nb4 46. Bc4 Nf3 47. Rf1 Nd2 48. Bb5 Nxf1 49. Bxf1 Rd2+ 0-1

[Event "EU-ch Cities&Town op"]
[Site "Tornelo INT"]
[Date "2023.01.29"]
[Round "?"]
[White "Sezgun, Yakup"]
[Black "Perdomo Araujo, Angel Eduardo"]
[Result "0-1"]
[WhiteElo "1739"]
[BlackElo "2071"]
[PlyCount "98"]
[EventDate "2023.01.29"]
[EventType "team-swiss"]
[EventRounds "9"]
[EventCountry "NET"]
[SourceTitle "CBM 212 Extra"]
[Source "ChessBase"]
[SourceDate "2023.03.31"]
[SourceVersion "1"]
[SourceVersionDate "2023.03.31"]
[SourceQuality "1"]
[WhiteTeam "Istanbul Seniors"]
[BlackTeam "Madrid Collado Villalba"]
[WhiteTeamCountry "TUR"]
[BlackTeamCountry "ESP"]

1. Nf3 Nf6 2. g3 g6 3. Bg2 Bg7 4. 0-0 0-0 5. c4 c6 6. d4 d5 7. cxd5 cxd5 8. Nc3 Nc6 9. Ne5 Ne4 10. Nxc6 bxc6 11. Nxe4 dxe4 12. Bxe4 Bxd4 13. Qc2 Bb7 14. Rd1 Qb6 15. e3 Bf6 16. Rb1 Rfd8 17. Rxd8+ Rxd8 18. b3 Qb4 19. Bf3 Ba6 20. Bb2 Rd2 21. Qxc6 Rxb2 22. Rd1 Bb5 23. Qa8+ Kg7 24. Qxa7 Be2 25. Bxe2 Rxe2 26. Qa6 Re1+ 27. Rxe1 Qxe1+ 28. Kg2 h5 29. h4 Qc3 30. Qb7 e6 31. Qe4 Qb2 32. Qa4 Be7 33. Kf3 Qe5 34. Qe4 Qc5 35. a4 e5 36. Qb7 Bd6 37. Kg2 Qb4 38. Qd5 Bc7 39. Kf3 Qb6 40. Kg2 Kf8 41. Kf3 Ke7 42. Kg2 Qd6 43. Qb7 Ke6 44. b4 Qd5+ 45. Qxd5+ Kxd5 46. Kf3 e4+ 47. Ke2 Kc4 48. b5 Ba5 49. f3 f5 0-1